LEADER 01408cam1 2200349 450 001 990002427360203316 005 20160801163909.0 035 $a000242736 035 $aUSA01000242736 035 $a(ALEPH)000242736USA01 035 $a000242736 100 $a20050601f---0---9km-y0itay50------ba 101 0 $aita 102 $aIT 105 $a||||||||001yy 200 1 $a<> Patria$egeografia dell'Italia$ecenni storici, costumi, topografia, prodotti, industria, commercio, mari, fiumi, canali, strade, ponti, strade ferrate, porti, monumenti, dati statistici, popolazione, istruzione, bilanci provinciali e comunali, istituti di beneficenza, edifizi pubblici$fopera compilata dal professore Gustavo Strafforello$gcolla collaborazione di altri distinti scrittori 210 $aTorino$cUnione tipografico-editrice 215 $avolumi$d27 cm 463 \1$1001990002427400203316$12001 $a<<29:>> Provincie di Reggio Calabria, Catanzaro, Cosenza 676 $a914.5 700 1$aSTRAFFORELLO,$bGustavo$08550 801 0$aIT$bsalbc$gISBD 912 $a990002427360203316 951 $aFA.VI.C. 24/(II 2/)$bDSSS$cFA.VI. 959 $aBK 969 $aANT 979 $aDSSS$b10$c20050601$lUSA01$h1621 979 $aANNAMARIA$b90$c20160801$lUSA01$h1630 979 $aANNAMARIA$b90$c20160801$lUSA01$h1632 979 $aANNAMARIA$b90$c20160801$lUSA01$h1639 996 $aPatria$9266135 997 $aUNISA LEADER 00804nam1 2200301 450 001 990002691440203316 005 20051202110727.0 035 $a000269144 035 $aUSA01000269144 035 $a(ALEPH)000269144USA01 035 $a000269144 100 $a20051202d1880----km-y0itaa50------ba 101 0 $aita 102 $aIT 200 1 $aEnglish men of letters$fedited by John Morley 210 $aLondon$cMacmillan and Co.$d1880 215 $av.$d19 cm 463 \1$1001990002128540203316$12001 $aByron 676 $a821 702 1$aMORLEY,$bJohn 912 $a990002691440203316 951 $aA$bL.M.$cA 959 $aBK 969 $aUMA 979 $aPAOLA$b90$c20051202$lUSA01$h1105 979 $aPAOLA$b90$c20051202$lUSA01$h1107 996 $aEnglish men of letters$972036 997 $aUNISA